000 01038nam0a22002771 4500
001 v19\rc\2061018
005 20250620024556.0
035 _a(NLR Aleph) 005137839
090 _a4772945
_c4772945
100 _a20081111d1909 |||y0rusy50 ca
101 0 _arus
102 _aRU
105 _ay z |||||
200 1 _aЗимняя ловля карасей ямами
_fП. Стуарт, чл.-кор.
210 _aЕкатеринбург
_cтип. В.Н. Алексеева, П.Н. Галина и К°
_d1909
215 _a1 с.
_d26
300 _aРезюме на фр. яз., в конце его сост.: O. Clerc
300 _aПерепеч. из. т. 29 "Записок Уральского о-ва любителей естествознания"
309 _aБез тит. л. и обл.
700 1 _aСтюарт
_bП.Э.
_f1856-
_gПавел Эдуардович
702 1 _aClerc
_bO.
_4220
801 0 _aRU
_bNLR
_gpsbo
801 1 _aRU
_bProSoft-M
_2rusmarc
852 _aNLR
_j18.337.2.356
942 _cBOOK
980 _aNB